Mathematics : (Record no. 11529)

000 -LEADER
fixed length control field 00560nam a2200205Ia 4500
020 ## - INTERNATIONAL STANDARD BOOK NUMBER
ISBN 0028252195 (v. 1)
020 ## - INTERNATIONAL STANDARD BOOK NUMBER
ISBN 0028252217 (v. 2)
020 ## - INTERNATIONAL STANDARD BOOK NUMBER
ISBN 0028252225 (v. 3)
040 ## - CATALOGING SOURCE
Transcribing agency VJA
082 ## - DEWEY DECIMAL CLASSIFICATION NUMBER
Classification number 510 GLE 1998 A029 Or.
245 00 - TITLE STATEMENT
Title Mathematics :
Remainder of title applications and connections /
250 ## - EDITION STATEMENT
Edition statement Teacher's wraparound ed.
260 ## - PUBLICATION, DISTRIBUTION, ETC. (IMPRINT)
Place of publication New York :
Name of publisher Glencoe,
Year of publication c1998.
300 ## - PHYSICAL DESCRIPTION
Number of Pages 3 v. :
Other physical details ill. ;
Dimensions 28 cm.
500 ## - GENERAL NOTE
General note Includes index.
500 ## - GENERAL NOTE
General note "Multimedia edition"--Cover.
650 #0 - SUBJECT ADDED ENTRY--TOPICAL TERM
Topical Term Mathematics
700 1# - ADDED ENTRY--PERSONAL NAME
Personal name Collins, William.
942 ## - ADDED ENTRY ELEMENTS (KOHA)
Koha item type សៀវភៅភាសាអង់គ្លេស
952 ## - LOCATION AND ITEM INFORMATION (KOHA)
Withdrawn status [LOCAL, KOHA] 0
952 ## - LOCATION AND ITEM INFORMATION (KOHA)
Withdrawn status [LOCAL, KOHA] 0
Holdings
Permanent Location Date acquired Koha item type Lost status Shelving location Barcode Current Location Full call number
Library Block A2017-08-03សៀវភៅភាសាអង់គ្លេស A029A14436Library Block A510 GLE 1998 A029 Or.
Library Block A2017-08-19សៀវភៅភាសាអង់គ្លេស A028A18162Library Block A510 GLE 1998 A028 Or.
មជ្ឈមណ្ឌលឯការនៃសាកលវិទ្យាល័យភូមិន្ទកសិកម្មចំការដូង

Powered by Koha